000 00325nam a2200121Ia 4500
008 220204s9999 xx 000 0 und d
082 _a630*81
_bSJO
100 _aSjostrom, E E R O
245 0 _aWood chemistry: Fundamentals and applications
260 _aOrlando
_bAcademic
_c1981
650 _aWood biosynthesis
942 _cBK
999 _c39986
_d39986